| 000 | 00675nam a2200217 4500 | ||
|---|---|---|---|
| 001 | 107090 | ||
| 003 | ES-MaACL | ||
| 005 | 20260213164414.0 | ||
| 007 | t| | ||
| 008 | 061121s1948 sp r ||||1| spa d | ||
| 100 | 1 |
_aMorgan, Charles. _983510 |
|
| 245 | 1 | 3 |
_aLa historia del juez / _cCharles Morgan; traducción del inglés por Eduardo de Guzmán. |
| 250 | _a1ª. ed. | ||
| 260 |
_aBarcelona : _bJosé Janes, _c1948. |
||
| 300 |
_a284 p. ; _c15 cm. |
||
| 490 | 1 | _aLos escritores de ahora | |
| 700 | 1 |
_aGuzmán, Eduardo de, _d1908-1991 _961283 |
|
| 830 | 0 |
_aLos escritores de ahora _9182057 |
|
| 852 |
_aES-MaACL _jD-5766 _bR.27057 |
||
| 999 |
_c107090 _d107090 |
||